000 00340nam a2200133Ia 4500
005 20260328104344.0
008 260328s9999||||xx |||||||||||||| ||und||
100 _aWilliamson, Bess
245 0 _aMaking Disability Modern Design Histories /
_cBess Williamson
260 _bBloomsbury
300 _a233 p.
650 _aTEORÍA
942 _cBK
999 _c12243
_d12243